Бухгалтерский учет в бюджетных организациях: учебно-практическое пособие

Manylion Llyfryddiaeth
Prif Awdur: Попова М. И. Мария Ивановна
Awduron Eraill: Жуклинец И. И. Ирина Ивановна
Crynodeb:В учебно-практическом пособии комплексно и последовательно излагаются особенности ведения бухгалтерского учета на уровне бюджетного учреждения; порядок составления финансовой отчетности; вопросы налогообложения, организации финансового контроля и мониторинга, развития финансовой самостоятельности исполнителей бюджетных услуг.Пособие написано в соответствии с положениями действующей нормативной правовой базы. В нем освещается место бухгалтерского учета в системе управления финансами общественного сектора, содержатся соответствующие рекомендации по реализации учетной политики, комментарии к правилам учета активов и обязательств. Кроме того, здесь учащимся предлагается задача с условными финансово-хозяйственными операциями, на основе которых показана технология формирования Главной книги и форм бюджетной отчетности. Для контроля знаний разработаны практические и тестовые задания и приведены результаты их решений.
Iaith:Rwseg
Cyhoeddwyd: Москва, Юрайт, 2010
Cyfres:Магистр
Pynciau:
Fformat: Llyfr
KOHA link:https://koha.lib.tpu.ru/cgi-bin/koha/opac-detail.pl?biblionumber=180963

MARC

LEADER 00000nam0a2200000 4500
001 180963
005 20231101223604.0
010 |a 9785991607698 
035 |a (RuTPU)RU\TPU\book\196171 
090 |a 180963 
100 |a 20100531d2010 m y0rusy50 ca 
101 0 |a rus 
102 |a RU 
105 |a y j 001zy 
200 1 |a Бухгалтерский учет в бюджетных организациях  |e учебно-практическое пособие  |f М. И. Попова, И. И. Жуклинец 
210 |a Москва  |c Юрайт  |d 2010 
215 |a 594 с. 
225 1 |a Магистр 
320 |a Библиогр.: с. 7-16. 
320 |a Список принятых сокращений: с. 17-19. 
320 |a Глоссарий: с. 432-439. 
330 |a В учебно-практическом пособии комплексно и последовательно излагаются особенности ведения бухгалтерского учета на уровне бюджетного учреждения; порядок составления финансовой отчетности; вопросы налогообложения, организации финансового контроля и мониторинга, развития финансовой самостоятельности исполнителей бюджетных услуг.Пособие написано в соответствии с положениями действующей нормативной правовой базы. В нем освещается место бухгалтерского учета в системе управления финансами общественного сектора, содержатся соответствующие рекомендации по реализации учетной политики, комментарии к правилам учета активов и обязательств. Кроме того, здесь учащимся предлагается задача с условными финансово-хозяйственными операциями, на основе которых показана технология формирования Главной книги и форм бюджетной отчетности. Для контроля знаний разработаны практические и тестовые задания и приведены результаты их решений. 
606 1 |a Бухгалтерский учет  |2 stltpush  |3 (RuTPU)RU\TPU\subj\30744  |9 53805 
610 1 |a экономика 
610 1 |a бюджетные учреждения 
610 1 |a финансовое обеспечение 
610 1 |a методологические основы 
610 1 |a правовые основы 
610 1 |a нефинансовые активы 
610 1 |a финансовые активы 
610 1 |a санкционирование расходов 
610 1 |a бюджет 
610 1 |a забалансовые счета 
610 1 |a инвентаризация 
610 1 |a бюджетная отчетность 
610 1 |a налоговый учет 
610 1 |a финансовый контроль 
610 1 |a аудит 
610 1 |a страховые взносы 
610 1 |a организационно-правовые формы 
610 1 |a юридические лица 
610 1 |a ликвидация 
610 1 |a учетная политика 
610 1 |a финансово-хозяйственные операции 
610 1 |a учебные пособия 
675 |a 657.22(075.8)  |v 3 
700 1 |a Попова  |b М. И.  |g Мария Ивановна 
701 1 |a Жуклинец  |b И. И.  |g Ирина Ивановна 
801 1 |a RU  |b 63413507  |c 20100531 
801 2 |a RU  |b 63413507  |c 20211014  |g RCR 
900 |a Бухгалтерский учет в банках и бюджетных организациях 
942 |c BK 
951 |b 080105 
959 |a 35/20100531  |d 2  |e 299,00  |f АНЛ:1  |f ЧЗГЛ:1